000 00797nam a22002777a 4500
001 BR7316069
003 BR-BrBNA
005 20230928084318.0
007 ta
008 230509b bl.||||| |||| 00| 0 por d
040 _aBR-BrBNA
_bpor
_cBiblioteca Nacional de Agricultura
041 _a(Por)
072 _aH20; H10
_b1060
_b4120
_b4020
090 _ 1060 BR7316069
100 1 _aMilanez, F.R.
245 1 _aObservacoes sobre uma estranha doenca das laranjeiras
260 3 _aRio de Janeiro, GB (Brasil):
_bServico de Informacao Agricola,
_c1940.
300 _a78 p.
500 _a18 illus.; 35 ref.; Reprint of "Rodriguesia" (1940)(13)
650 _aLARANJA
650 _aFUNGO
650 _aCOCHONILHA
650 _aSIMBIOSE
909 _a202309
_bLucia
_c55
_dLucia Elande
942 _cBK
999 _c18090
_d18090